000 00714nam a2200241Ia 4500
003 OSt
005 20220930071940.0
006 a|||||r|||| 00| 0
007 ta
008 220926b |||||||| |||| 00| 0 hin d
024 _a18563
037 _cTheses
040 _aCRL
_cCRL
_bhin
041 _2hin
_ahin
100 _aKhanna Sarita
_9529214
110 _aUniversity of Delhi. Faculty of Arts. Department of Hindi
245 0 _aHindi kavita mein marksvadi aur asitavvadi vichardarayo ka dunth 1950 - 1979
260 _c1987
650 _aHINDI LITERATURE
_923866
700 _aUniversity of Delhi. Faculty of Arts. Department of Hindi
942 _cDIS
_2CC
999 _c863104
_d863104